Automobiles en emoji par IA #1 - Statistiques

Statistiques générales
  • Ce quiz a été pris 770 fois
  • Le résultat moyen est 16 sur 20
Statistiques - réponses
Hint Réponse % Correct
Mini Cooper
91%
VW Coccinelle
91%
Porsche Cayenne
90%
Chevrolet Corvette
87%
Citroën C3
87%
Dacia Duster
86%
Toyota Yaris
85%
Renault Clio
85%
Seat Ibiza
84%
Nissan Qashqai
84%
Volkswagen Golf
83%
Ford Fiesta
83%
Suzuki Swift
82%
Renault Logan
78%
Subaru Forester
77%
Skoda Fabia
77%
Renault r5
76%
Fiat Punto
74%
Peugeot 205
70%
Opel Corsa
53%
Aucun quiz correspondant
Distribution des résultats
% des personnes avec chaque résultat
Percentile par nombre de réponses
Votre historique - résultats
Vous n’avez pas pris ce quiz